000 00714nam a2200217 a 4500
008 120416s1971 ||||||||||||||||| || u
020 _a0720602904
050 _aNA 2543.S6 Spy
100 _aSpyer, Geoffrey
245 1 0 _aArchitect and community
246 _aenvironmental design in an urban society
260 _aLondon
_bOwen
_c1971
300 _a168p. : ill.
350 _a0.00
490 _aContemporary issues series, 4
500 _aBibliography
650 0 _aCITY PLANNING
650 _aARCHITECTRURE--ZAMBIA
650 _aTEXTBOOKS
995 _D0.00
_FCBU-MAIN LIBRARY (Kitwe)
_H1
_I3.90
_M1
_UAVAILABLE
_ZMain Library Open Access Collection
999 _c34717
_d34717